000 00924nam a2200217 i 4500
001 166781
003 ES-MaACL
005 20230906213412.0
008 050922s1900 sp | |||||||| ||spa d
100 1 _aUnamuno, Miguel de,
_d1864-1936
_9111982
245 1 0 _aDiscurso leído en la solemne apertura del curso académico de 1900 a 1901 /
_cpor el doctor D. Miguel de Unamuno.
260 _aSalamanca :
_b[s.n.],
_c1900 (
_fImp. de Francisco Núñez Izquierdo)
300 _a16 p. ;
_c31 cm.
530 _aDisponible en formato digital.
594 _aPrecede al tít.: Universidad de Salamanca.
650 4 _aEducación-
_xFilosofía.
_912079
710 2 _aUniversidad de Salamanca.
_97275
852 _aES-MaACL
_jT-1021-F
_z- Enc. hol., conservando la enc. original
_z- Enc. en un vol. facticio
856 _uhttp://bdh-rd.bne.es/viewer.vm?id=0000201032&page=1
_zBiblioteca Digital Hispánica
999 _c166781
_d166781